How charles brave died

Wedi'i Gadw mewn:
Manylion Llyfryddiaeth
Fformat: Llyfr
Tagiau: Ychwanegu Tag
Dim Tagiau, Byddwch y cyntaf i dagio'r cofnod hwn!
Thư viện lưu trữ: Mạng thư viện Đại học Đà Nẵng
LEADER 00406nam a22001691a 4500
001 000040564
003 16859
005 20160412023235.0
008 160412s0 000
082 |a A2399 
245 |a How charles brave died  |c Yseult Bridges 
OWN |a LNN 
999 |a From the UDN01 
TYP |a Monograph 
980 |a Mạng thư viện Đại học Đà Nẵng